| 000 | 00376nam a22001697a 4500 | ||
|---|---|---|---|
| 005 | 20160629125453.0 | ||
| 008 | 160629b xxu||||| |||| 00| 0 eng d | ||
| 020 | _a81-203-1062-4 | ||
| 041 | _aeng | ||
| 082 | _b10837 | ||
| 100 |
_aKent, Peter _93183 |
||
| 245 | _aGuide to the Internet | ||
| 260 |
_bPHI _c1996 |
||
| 300 | _a294 | ||
| 650 |
_aManagement _9241 |
||
| 942 | _cBK | ||
| 999 |
_c4676 _d4674 |
||